[Event "Titled Tuesday intern op 20th May Late"]
[Site "Chess.com INT"]
[Date "2025.05.20"]
[Round "2"]
[White "Gelman, Alexander"]
[Black "Meylan, Andre"]
[Result "1-0"]
[WhiteElo "2403"]
[BlackElo "2138"]
[PlyCount "69"]
[EventDate "2025.05.20"]
[EventType "swiss (blitz)"]
[EventRounds "11"]
[EventCountry "USA"]
[SourceTitle "CB22_2025"]
[SourceDate "2025.05.28"]
[SourceVersion "1"]
[SourceVersionDate "2025.05.28"]
[SourceQuality "1"]

1. d4 Nf6 2. Nc3 e6 3. Bf4 c5 4. e3 b6 5. Qf3 d5 6. 0-0-0 c4 7. e4 Bb7 8. exd5 exd5 9. Bxc4 Be7 10. Nh3 0-0 11. Rhe1 Na6 12. Bb3 Rc8 13. Kb1 Bb4 14. Bg5 Bxc3 15. bxc3 Rc6 16. Nf4 Nc7 17. Nh5 Nce8 18. Ba4 b5 19. Bb3 Qd6 20. Nxf6+ Nxf6 21. Bxf6 Qxf6 22. Bxd5 Qxf3 23. Bxf3 Rc7 24. Bxb7 Rxb7 25. a3 Rc8 26. Kb2 g6 27. d5 Rbc7 28. d6 Rd7 29. Rd5 a6 30. Re7 Rcd8 31. Rxd7 Rxd7 32. Kb3 f6 33. Kb4 Kf7 34. Ka5 Ke6 35. Rd4 1-0

[Event "Titled Tuesday intern op 25th Feb Early"]
[Site "Chess.com INT"]
[Date "2025.02.25"]
[Round "1"]
[White "Potawad, Anirudhha"]
[Black "Meylan, Andre"]
[Result "1-0"]
[WhiteElo "2306"]
[BlackElo "2138"]
[PlyCount "141"]
[EventDate "2025.02.25"]
[EventType "swiss (blitz)"]
[EventRounds "11"]
[EventCountry "USA"]
[SourceTitle "CB10_2025"]
[SourceDate "2025.03.05"]
[SourceVersion "1"]
[SourceVersionDate "2025.03.05"]
[SourceQuality "1"]

1. d4 e6 2. c4 Nf6 3. Nf3 b6 4. g3 Bb7 5. Bg2 Be7 6. 0-0 0-0 7. Nbd2 d5 8. Qc2 Nbd7 9. b3 c5 10. Bb2 Rc8 11. Rac1 dxc4 12. Qxc4 cxd4 13. Qxd4 Nc5 14. Nc4 Qxd4 15. Nxd4 Bxg2 16. Kxg2 Rfd8 17. Rfd1 Nd5 18. e3 Bf6 19. Ba3 Ne4 20. Kf3 Nec3 21. Rd2 b5 22. Na5 b4 23. Bb2 Bxd4 24. Rxd4 Nxa2 25. Ra1 Nac3 26. Nc4 Nb5 27. Rdd1 Ndc3 28. Rxd8+ Rxd8 29. Ra6 h5 30. Rc6 Rd1 31. Rc8+ Kh7 32. Rb8 a5 33. Ra8 Rb1 34. Rxa5 Kg6 35. h4 f6 36. Ra6 Nd1 37. Rb6 Nxb2 38. Rxb5 Nxc4 39. bxc4 b3 40. Rb6 Kf5 41. Rb5+ e5 42. e4+ Kg6 43. Rb7 Rc1 44. Rxb3 Rxc4 45. Rb7 Ra4 46. Kg2 Ra3 47. Kf1 Rc3 48. Ke2 Ra3 49. Rd7 Ra2+ 50. Rd2 Ra3 51. Rd3 Ra2+ 52. Ke3 Rb2 53. Rd7 Rb3+ 54. Ke2 Rb2+ 55. Kf3 Rb3+ 56. Kg2 Rb2 57. Ra7 Ra2 58. Rxa2 Kh6 59. Ra7 Kg6 60. f4 Kh6 61. Kf3 Kg6 62. fxe5 Kh6 63. exf6 gxf6 64. Kf4 Kg6 65. e5 f5 66. e6 Kf6 67. e7 Kf7 68. Kxf5 Ke8 69. g4 hxg4 70. Ke6 g3 71. Ra8# 1-0

[Event "Titled Tuesday intern op 04th Feb Early"]
[Site "Chess.com INT"]
[Date "2025.02.04"]
[Round "3"]
[White "Gordon, Frederick"]
[Black "Meylan, Andre"]
[Result "1-0"]
[WhiteElo "2381"]
[BlackElo "2138"]
[PlyCount "87"]
[EventDate "2025.02.04"]
[EventType "swiss (blitz)"]
[EventRounds "11"]
[EventCountry "USA"]
[SourceTitle "CB07_2025"]
[SourceDate "2025.02.12"]
[SourceVersion "1"]
[SourceVersionDate "2025.02.12"]
[SourceQuality "1"]

1. d4 e6 2. c4 Nf6 3. Nc3 Bb4 4. e3 0-0 5. Nge2 d5 6. a3 Bd6 7. c5 Be7 8. b4 a5 9. Bb2 b6 10. f4 Ba6 11. Ng3 Bxf1 12. Nxf1 axb4 13. axb4 Rxa1 14. Qxa1 bxc5 15. bxc5 Nc6 16. Nd2 Ng4 17. Nd1 Nb4 18. Qa4 Qb8 19. 0-0 Nd3 20. Bc3 Qa8 21. Qb5 Nc1 22. h3 Rb8 23. Qd7 Ne2+ 24. Kh1 Ng3+ 25. Kg1 Nxf1 26. Nxf1 Rb1 27. Qxe7 Rxd1 28. hxg4 h5 29. Qh4 Qa6 30. Qf2 hxg4 31. g3 Qd3 32. Be1 c6 33. Nh2 Qb1 34. Kf1 Rc1 35. Nxg4 Qe4 36. Ne5 Qh1+ 37. Ke2 f6 38. Nf3 Kf7 39. g4 Qh7 40. Bd2 Ra1 41. f5 exf5 42. gxf5 Qxf5 43. Ne5+ Qxe5 44. dxe5 1-0

[Event "Titled Tuesday intern op 04th Feb Early"]
[Site "Chess.com INT"]
[Date "2025.02.04"]
[Round "4"]
[White "Meylan, Andre"]
[Black "Hovakimyan, Vache"]
[Result "0-1"]
[WhiteElo "2138"]
[BlackElo "2289"]
[PlyCount "67"]
[EventDate "2025.02.04"]
[EventType "swiss (blitz)"]
[EventRounds "11"]
[EventCountry "USA"]
[SourceTitle "CB07_2025"]
[SourceDate "2025.02.12"]
[SourceVersion "1"]
[SourceVersionDate "2025.02.12"]
[SourceQuality "1"]

1. e4 e5 2. Nf3 Nc6 3. Nc3 Nf6 4. d4 exd4 5. Nd5 Be7 6. Nxd4 0-0 7. Nb5 Nxd5 8. exd5 Ne5 9. Be2 a6 10. Nd4 d6 11. 0-0 Bf6 12. f4 Nd7 13. Be3 Re8 14. Bf2 Nc5 15. Bf3 Ne4 16. c3 Nxf2 17. Rxf2 Bd7 18. Qd2 Qe7 19. Re2 Qf8 20. Rae1 g6 21. g3 h5 22. b3 Qg7 23. Rxe8+ Rxe8 24. Rxe8+ Bxe8 25. Ne2 Bd7 26. Qe3 h4 27. g4 g5 28. f5 Be5 29. c4 Qf6 30. Kg2 h3+ 31. Kg1 Qe7 32. Ng3 c5 33. Ne4 Bd4 34. Kf2 0-1

[Event "Titled Tuesday intern op 28th Jan Early"]
[Site "Chess.com INT"]
[Date "2025.01.28"]
[Round "6"]
[White "Meylan, Andre"]
[Black "Knudsen, Simon"]
[Result "0-1"]
[WhiteElo "2138"]
[BlackElo "2301"]
[PlyCount "204"]
[EventDate "2025.01.28"]
[EventType "swiss (blitz)"]
[EventRounds "11"]
[EventCountry "USA"]
[SourceTitle "CB06_2025"]
[SourceDate "2025.02.05"]
[SourceVersion "1"]
[SourceVersionDate "2025.02.05"]
[SourceQuality "1"]

1. e4 e6 2. d4 d5 3. Nd2 c5 4. exd5 Qxd5 5. Ngf3 cxd4 6. Bc4 Qd6 7. 0-0 Nf6 8. Nb3 Qc7 9. Bb5+ Bd7 10. Nbxd4 a6 11. Bxd7+ Nbxd7 12. Re1 Bc5 13. c3 0-0 14. Bg5 h6 15. Bh4 Rfe8 16. Qb3 Bf8 17. Rad1 Nd5 18. Bg3 Qc8 19. c4 N5f6 20. Ne5 Nxe5 21. Bxe5 Nd7 22. Bg3 Nc5 23. Qf3 Nd7 24. b3 Bc5 25. Qd3 Nf8 26. Nf3 Ng6 27. Qe4 a5 28. h4 a4 29. h5 Nf8 30. Bd6 Bxd6 31. Rxd6 axb3 32. axb3 Nd7 33. b4 Nf6 34. Qd4 Nxh5 35. c5 Nf6 36. Ne5 Rd8 37. Rd1 Rxd6 38. Qxd6 Nd5 39. b5 Qd8 40. Qxd8+ Rxd8 41. c6 bxc6 42. Nxc6 Rd7 43. g3 Kf8 44. Kg2 Rb7 45. Nd4 Ke7 46. Re1 Kd6 47. Rd1 Kc5 48. f4 Nc3 49. Rd3 Kc4 50. Rd2 Rd7 51. b6 Nb5 52. b7 Rxb7 53. Nf3 Rc7 54. Ne5+ Kb3 55. Rd1 f6 56. Rb1+ Ka4 57. Ra1+ Kb4 58. Rb1+ Ka5 59. Ra1+ Kb6 60. Nf3 Rc2+ 61. Kh3 Kc5 62. Rb1 Rc3 63. Nh4 Nd4 64. Ng2 Nf5 65. Kh2 Rxg3 66. Rc1+ Kd4 67. Rc7 Rg4 68. Rd7+ Ke4 69. Ra7 Rxg2+ 70. Kxg2 Kxf4 71. Ra4+ Kg5 72. Ra3 e5 73. Ra4 Nd4 74. Kf2 g6 75. Kg3 f5 76. Ra6 h5 77. Kh3 h4 78. Ra4 f4 79. Ra3 Ne2 80. Rf3 Ng3 81. Ra3 Nf5 82. Ra2 e4 83. Rg2+ Kf6 84. Ra2 f3 85. Ra6+ Kg5 86. Ra2 Kf4 87. Kh2 g5 88. Rc2 g4 89. Ra2 g3+ 90. Kh3 g2 91. Kh2 Nd4 92. Ra8 Ne2 93. Rf8+ Ke3 94. Rg8 g1Q+ 95. Rxg1 Nxg1 96. Kxg1 Ke2 97. Kh1 f2 98. Kh2 h3 99. Kxh3 f1Q+ 100. Kh2 Qf6 101. Kg1 Qg6+ 102. Kh1 Kf2 0-1

[Event "Titled Tuesday intern op 28th Jan Early"]
[Site "Chess.com INT"]
[Date "2025.01.28"]
[Round "4"]
[White "Ozates, Tuna"]
[Black "Meylan, Andre"]
[Result "1-0"]
[WhiteElo "2225"]
[BlackElo "2138"]
[PlyCount "93"]
[EventDate "2025.01.28"]
[EventType "swiss (blitz)"]
[EventRounds "11"]
[EventCountry "USA"]
[SourceTitle "CB06_2025"]
[SourceDate "2025.02.05"]
[SourceVersion "1"]
[SourceVersionDate "2025.02.05"]
[SourceQuality "1"]

1. f3 d5 2. d4 Nf6 3. Nc3 e6 4. Bg5 c5 5. e3 Nc6 6. Qd2 a6 7. Nge2 b5 8. a3 Bd7 9. g4 c4 10. e4 dxe4 11. Nxe4 Be7 12. Bxf6 Bxf6 13. g5 Be7 14. h4 0-0 15. h5 a5 16. g6 h6 17. d5 Ne5 18. Bg2 f5 19. Nf2 Bc5 20. Nh3 Qf6 21. 0-0-0 Rad8 22. Kb1 b4 23. axb4 axb4 24. Nef4 c3 25. Qe2 cxb2 26. dxe6 Bxe6 27. Nxe6 Qxe6 28. f4 Bd4 29. Rxd4 Rxd4 30. Qxe5 Qxe5 31. fxe5 f4 32. e6 f3 33. e7 Re8 34. Bxf3 Rxe7 35. Kxb2 Re3 36. Bg2 Rd2 37. Bf1 b3 38. Bc4+ Kf8 39. Bxb3 Ke7 40. Nf4 Kd6 41. Ra1 Kc5 42. Ra7 Kb4 43. Rb7+ Kc5 44. Rxg7 Rf3 45. Rf7 Rff2 46. Nd3+ Rxd3 47. Rxf2 1-0

[Event "Titled Tuesday intern op 28th Jan Early"]
[Site "Chess.com INT"]
[Date "2025.01.28"]
[Round "7"]
[White "Sisman, Gizem"]
[Black "Meylan, Andre"]
[Result "0-1"]
[WhiteElo "1827"]
[BlackElo "2138"]
[PlyCount "60"]
[EventDate "2025.01.28"]
[EventType "swiss (blitz)"]
[EventRounds "11"]
[EventCountry "USA"]
[SourceTitle "CB06_2025"]
[SourceDate "2025.02.05"]
[SourceVersion "1"]
[SourceVersionDate "2025.02.05"]
[SourceQuality "1"]

1. Nc3 Nf6 2. e4 d5 3. e5 Nfd7 4. e6 fxe6 5. d4 c5 6. dxc5 Nxc5 7. Nf3 g6 8. Qd4 Rg8 9. Qxc5 Nc6 10. Ne5 Nxe5 11. Bf4 Nc6 12. Bb5 Bd7 13. Bxc6 Bxc6 14. Be5 Qb6 15. Qxb6 axb6 16. Ne2 Kd7 17. Nd4 Bh6 18. 0-0 Rgf8 19. a3 Bf4 20. Rae1 Bxe5 21. Rxe5 Rf6 22. Rfe1 Raf8 23. f3 R8f7 24. Rxe6 Rxe6 25. Rxe6 Rf4 26. Ne2 Rc4 27. Re3 Rxc2 28. b3 Ra2 29. a4 Kd6 30. Nd4 e5 0-1

[Event "Titled Tuesday intern op 28th Jan Early"]
[Site "Chess.com INT"]
[Date "2025.01.28"]
[Round "2"]
[White "Smirnov, Mark1"]
[Black "Meylan, Andre"]
[Result "1-0"]
[WhiteElo "2336"]
[BlackElo "2138"]
[PlyCount "57"]
[EventDate "2025.01.28"]
[EventType "swiss (blitz)"]
[EventRounds "11"]
[EventCountry "USA"]
[SourceTitle "CB06_2025"]
[SourceDate "2025.02.05"]
[SourceVersion "1"]
[SourceVersionDate "2025.02.05"]
[SourceQuality "1"]

1. d4 e6 2. e4 d5 3. Nd2 c5 4. exd5 exd5 5. Bb5+ Nc6 6. Ngf3 Bd6 7. 0-0 Nge7 8. dxc5 Bxc5 9. Nb3 Bd6 10. h3 0-0 11. Nbd4 Qb6 12. Be2 Rd8 13. c3 Ng6 14. Nb5 Bf4 15. Nbd4 Bxc1 16. Qxc1 Nge5 17. Nxe5 Nxe5 18. Qg5 f6 19. Qd2 Nc4 20. Bxc4 dxc4 21. Rfe1 Bf5 22. Re3 Bd3 23. Rae1 h6 24. Re7 Rd6 25. Qf4 Rad8 26. Qg4 g5 27. Qh5 f5 28. Qf7+ Kh8 29. Qh7# 1-0

[Event "Titled Tuesday intern op 28th Jan Early"]
[Site "Chess.com INT"]
[Date "2025.01.28"]
[Round "11"]
[White "Thorhallsson, Simon"]
[Black "Meylan, Andre"]
[Result "0-1"]
[WhiteElo "2223"]
[BlackElo "2138"]
[PlyCount "126"]
[EventDate "2025.01.28"]
[EventType "swiss (blitz)"]
[EventRounds "11"]
[EventCountry "USA"]
[SourceTitle "CB06_2025"]
[SourceDate "2025.02.05"]
[SourceVersion "1"]
[SourceVersionDate "2025.02.05"]
[SourceQuality "1"]

1. Nf3 Nf6 2. g3 e6 3. Bg2 b6 4. Ne5 d5 5. c4 Bb7 6. d4 Nbd7 7. Nxd7 Qxd7 8. 0-0 Be7 9. Nc3 0-0 10. Bg5 Rac8 11. Bxf6 Bxf6 12. cxd5 exd5 13. e3 c5 14. dxc5 Bxc3 15. bxc3 Rxc5 16. Qd3 Rfc8 17. Rac1 Qe6 18. Rfd1 g6 19. h4 h5 20. Kh2 Qf6 21. Qe2 Kg7 22. Rd4 Rxc3 23. Rxc3 Rxc3 24. Bxd5 Bxd5 25. Rxd5 Qc6 26. Rd2 Rc1 27. e4 Rc4 28. Rd5 Rc2 29. Qe3 Rxa2 30. Qd4+ Qf6 31. Qxf6+ Kxf6 32. Kg2 Rb2 33. Rd6+ Ke7 34. Rc6 a5 35. Rc7+ Kf6 36. Ra7 Ra2 37. Kf3 b5 38. Ke3 b4 39. Rb7 Ra3+ 40. Kf4 b3 41. Rb6+ Ke7 42. Rb7+ Kf8 43. Kg5 a4 44. Kf6 Ke8 45. e5 Ra2 46. f4 Rd2 47. Rb8+ Rd8 48. Rxd8+ Kxd8 49. Kxf7 b2 50. e6 b1Q 51. e7+ Kc7 52. e8Q Qf5+ 53. Kg7 Qd7+ 54. Qxd7+ Kxd7 55. Kxg6 a3 56. f5 a2 57. f6 a1Q 58. f7 Ke7 59. Kxh5 Kxf7 60. g4 Qd4 61. Kg5 Qe5+ 62. Kh6 Qg7+ 63. Kh5 Qg6# 0-1

[Event "Titled Tuesday intern op 07th Jan Early"]
[Site "Chess.com INT"]
[Date "2025.01.07"]
[Round "8"]
[White "Sasvatha, A."]
[Black "Meylan, Andre"]
[Result "1-0"]
[WhiteElo "1760"]
[BlackElo "2138"]
[PlyCount "91"]
[EventDate "2025.01.07"]
[EventType "swiss (blitz)"]
[EventRounds "11"]
[EventCountry "USA"]
[SourceTitle "CB03_2025"]
[SourceDate "2025.01.15"]
[SourceVersion "1"]
[SourceVersionDate "2025.01.15"]
[SourceQuality "1"]

1. d4 e6 2. Nf3 Nf6 3. Bf4 c5 4. e3 Nc6 5. c3 b6 6. Be2 Bb7 7. h3 Be7 8. 0-0 0-0 9. a4 d6 10. Na3 a6 11. Nc4 b5 12. axb5 axb5 13. Na3 b4 14. Nc2 bxc3 15. bxc3 Nd5 16. Qd2 Nxf4 17. exf4 Bf6 18. Rab1 Ba6 19. Rfd1 Bxe2 20. Qxe2 Ra2 21. dxc5 d5 22. c4 d4 23. Qd3 Qc7 24. Ncxd4 Nxd4 25. Nxd4 Qxf4 26. Nf3 h6 27. c6 Rc8 28. Qd7 Rc7 29. Qe8+ Kh7 30. Rb7 Rc2 31. Rxc7 Qxc7 32. Qd7 Qb6 33. Nd2 Bd4 34. c7 Bxf2+ 35. Kh1 Qe3 36. c8Q Qe2 37. Nf1 Bd4 38. Qcc6 Qxd1 39. Qe4+ f5 40. Qf3 Qa1 41. Qxe6 Rf2 42. Qexf5+ Kg8 43. Qf7+ Kh7 44. Qe4+ Kh8 45. Qfe8+ Rf8 46. Qxf8# 1-0

[Event "Wch Blitz"]
[Site "New York"]
[Date "2024.12.30"]
[Round "2"]
[White "Jacobson, Brandon"]
[Black "Meylan, Andre"]
[Result "1-0"]
[WhiteElo "2583"]
[BlackElo "2138"]
[PlyCount "66"]
[EventDate "2024.12.30"]
[EventType "swiss (blitz)"]
[EventRounds "13"]
[EventCountry "USA"]
[SourceTitle "CB01_2025"]
[SourceDate "2025.01.01"]
[SourceVersion "1"]
[SourceVersionDate "2025.01.01"]
[SourceQuality "1"]

1. e4 e6 2. d4 d5 3. exd5 exd5 4. Nf3 Bd6 5. c4 Nf6 6. c5 Be7 7. Bd3 0-0 8. 0-0 b6 9. Be3 bxc5 10. dxc5 Bg4 11. Nbd2 Nbd7 12. b4 a5 13. a3 Ne5 14. Be2 Nxf3+ 15. Nxf3 Ne4 16. Bd4 Bf6 17. Qd3 c6 18. Rfc1 Bf5 19. Bxf6 Qxf6 20. Qd4 Qe6 21. b5 cxb5 22. Bxb5 Rab8 23. a4 Rfc8 24. c6 Nd6 25. c7 Ra8 26. Bc6 Ra6 27. Bxd5 Qh6 28. Ne5 Be6 29. Rab1 Nf5 30. Bxe6 Nxd4 31. Bxc8 Ne2+ 32. Kf1 Nxc1 33. Bg4 Rc6 1-0

[Event "Wch Blitz"]
[Site "New York"]
[Date "2024.12.30"]
[Round "8"]
[White "Meylan, Andre"]
[Black "Akobian, Varuzhan"]
[Result "0-1"]
[WhiteElo "2138"]
[BlackElo "2564"]
[PlyCount "90"]
[EventDate "2024.12.30"]
[EventType "swiss (blitz)"]
[EventRounds "13"]
[EventCountry "USA"]
[SourceTitle "CB01_2025"]
[SourceDate "2025.01.01"]
[SourceVersion "1"]
[SourceVersionDate "2025.01.01"]
[SourceQuality "1"]

1. e4 d6 2. d4 Nf6 3. Nc3 c6 4. f4 Qa5 5. Bd3 e5 6. Nf3 exd4 7. Nxd4 Qb6 8. Nb3 a5 9. Qe2 a4 10. Nd2 Bg4 11. Qf2 Qxf2+ 12. Kxf2 Be6 13. Re1 Be7 14. a3 b5 15. Nf3 0-0 16. h3 Na6 17. Nd4 Bd7 18. e5 dxe5 19. fxe5 Ne8 20. Nf5 Bc5+ 21. Be3 g6 22. Ng3 Bxe3+ 23. Rxe3 Nec7 24. Nge4 Kg7 25. Nf6 Be6 26. Be4 Nb8 27. Rd1 Ra7 28. Rd6 c5 29. h4 b4 30. axb4 cxb4 31. Ne2 a3 32. bxa3 bxa3 33. Nc1 a2 34. Nxa2 Rxa2 35. h5 g5 36. h6+ Kh8 37. Nxh7 Rg8 38. Nf6 Ne8 39. Nxg8 Nxd6 40. exd6 Kxg8 41. h7+ Kg7 42. g4 Nd7 43. Rh3 Kh8 44. Rh5 Nf6 45. Rh6 Nxg4+ 0-1

[Event "Wch Blitz"]
[Site "New York"]
[Date "2024.12.30"]
[Round "11"]
[White "Meylan, Andre"]
[Black "Blackwood, Ryan"]
[Result "0-1"]
[WhiteElo "2138"]
[BlackElo "1956"]
[PlyCount "50"]
[EventDate "2024.12.30"]
[EventType "swiss (blitz)"]
[EventRounds "13"]
[EventCountry "USA"]
[SourceTitle "CB01_2025"]
[SourceDate "2025.01.01"]
[SourceVersion "1"]
[SourceVersionDate "2025.01.01"]
[SourceQuality "1"]

1. e4 d5 2. exd5 Qxd5 3. Nc3 Qa5 4. d4 Nf6 5. Bc4 Nc6 6. d5 Ne5 7. Bb5+ c6 8. dxc6 bxc6 9. Be2 e6 10. Nf3 Ba6 11. Nxe5 Qxe5 12. Be3 Rd8 13. Qc1 Bxe2 14. Nxe2 Bd6 15. Bd4 Qd5 16. 0-0 Qh5 17. h3 Qxe2 18. Qg5 Bf8 19. Bxa7 Qh5 20. Qg3 Bd6 21. Qxg7 Rg8 22. Qxf6 Qxh3 23. g3 Rxg3+ 24. fxg3 Qxg3+ 25. Kh1 Qh2# 0-1

[Event "Wch Rapid"]
[Site "New York"]
[Date "2024.12.26"]
[Round "2"]
[White "Meylan, Andre"]
[Black "Wagner, Dennis"]
[Result "0-1"]
[WhiteElo "2083"]
[BlackElo "2456"]
[PlyCount "84"]
[EventDate "2024.12.26"]
[EventType "swiss (rapid)"]
[EventRounds "13"]
[EventCountry "USA"]
[SourceTitle "CB01_2025"]
[SourceDate "2025.01.01"]
[SourceVersion "1"]
[SourceVersionDate "2025.01.01"]
[SourceQuality "1"]

1. e4 e5 2. Nf3 Nc6 3. Nc3 Nf6 4. d4 exd4 5. Nd5 Nb4 6. Bc4 Nbxd5 7. exd5 Bb4+ 8. Bd2 Qe7+ 9. Qe2 Bxd2+ 10. Kxd2 Qxe2+ 11. Kxe2 d6 12. Nxd4 a6 13. a4 Bd7 14. f3 0-0-0 15. Kf2 Rhe8 16. Bb3 Re5 17. c4 a5 18. Rhe1 Rde8 19. Bc2 g6 20. b3 Kb8 21. Bd3 Ka7 22. Re2 Kb6 23. Rae1 Kc5 24. Nc2 h5 25. Rxe5 Rxe5 26. Rxe5 dxe5 27. Ke3 h4 28. g3 Nh5 29. gxh4 Nf4 30. Bf1 Bf5 31. Kd2 Bxc2 32. Kxc2 Kd4 33. Kd2 b6 34. c5 bxc5 35. Bb5 f5 36. Bc6 e4 37. fxe4 fxe4 38. Be8 e3+ 39. Kd1 c4 40. bxc4 Kd3 41. Bxg6+ Nxg6 42. c5 e2+ 0-1

[Event "Wch Rapid"]
[Site "New York"]
[Date "2024.12.26"]
[Round "1"]
[White "Nogerbek, Kazybek"]
[Black "Meylan, Andre"]
[Result "1-0"]
[WhiteElo "2526"]
[BlackElo "2083"]
[PlyCount "79"]
[EventDate "2024.12.26"]
[EventType "swiss (rapid)"]
[EventRounds "13"]
[EventCountry "USA"]
[SourceTitle "CB01_2025"]
[SourceDate "2025.01.01"]
[SourceVersion "1"]
[SourceVersionDate "2025.01.01"]
[SourceQuality "1"]

1. d4 Nf6 2. c4 e6 3. Nf3 b6 4. a3 Bb7 5. Nc3 d5 6. cxd5 Nxd5 7. Qc2 Be7 8. e4 Nxc3 9. bxc3 c5 10. Bb5+ Nd7 11. Ne5 Bc8 12. Bc6 Rb8 13. Bf4 0-0 14. Bxd7 Bxd7 15. Nxd7 Qxd7 16. Bxb8 Rxb8 17. dxc5 Bxc5 18. 0-0 Qc6 19. a4 Bd4 20. Rad1 Qxc3 21. Qxc3 Bxc3 22. Rd7 a6 23. Rc1 Be5 24. Rb7 Ra8 25. Rxb6 g5 26. g3 Bd4 27. Rbc6 Kg7 28. Rc8 Ra7 29. R1c7 Rxc7 30. Rxc7 a5 31. Kf1 Kg6 32. Ke2 h5 33. h3 h4 34. gxh4 gxh4 35. f4 Kf6 36. Kf3 Kg6 37. Rc6 Kf6 38. Kg4 Bf2 39. e5+ Kg6 40. f5+ 1-0

[Event "Wch Rapid"]
[Site "New York"]
[Date "2024.12.26"]
[Round "3"]
[White "Urazayev, Arystanbek"]
[Black "Meylan, Andre"]
[Result "1-0"]
[WhiteElo "2423"]
[BlackElo "2083"]
[PlyCount "77"]
[EventDate "2024.12.26"]
[EventType "swiss (rapid)"]
[EventRounds "13"]
[EventCountry "USA"]
[SourceTitle "CB01_2025"]
[SourceDate "2025.01.01"]
[SourceVersion "1"]
[SourceVersionDate "2025.01.01"]
[SourceQuality "1"]

1. e4 e6 2. d4 d5 3. e5 c5 4. c3 Nc6 5. Nf3 Nge7 6. Na3 cxd4 7. cxd4 Nf5 8. Nc2 Qb6 9. Bd3 Bd7 10. 0-0 Be7 11. Bxf5 exf5 12. h4 0-0 13. Rb1 a5 14. Bg5 Bxg5 15. Nxg5 Nb4 16. Nxb4 axb4 17. a3 h6 18. Nh3 Bb5 19. Re1 bxa3 20. bxa3 Rxa3 21. Nf4 Qc6 22. e6 fxe6 23. Rxe6 Qd7 24. Qe1 Bc6 25. Qe5 Re8 26. Re1 Rxe6 27. Nxe6 Qf7 28. Nd8 Qf6 29. Qb8 Kh7 30. Ne6 Qf7 31. Nf8+ Kg8 32. Ng6+ Kh7 33. h5 Qg8 34. Nf8+ Kh8 35. Re6 Ra1+ 36. Kh2 Rd1 37. Qe5 Qf7 38. Rxh6+ Kg8 39. Ng6 1-0

[Event "Olympiad-45"]
[Site "Budapest"]
[Date "2024.09.22"]
[Round "11.4"]
[White "Meylan, Andre"]
[Black "Frick, Renato"]
[Result "1/2-1/2"]
[WhiteElo "2165"]
[BlackElo "1925"]
[PlyCount "176"]
[EventDate "2024.09.11"]
[EventType "team-swiss"]
[EventRounds "11"]
[EventCountry "HUN"]
[SourceTitle "EXT 2025"]
[Source "ChessBase"]
[SourceDate "2024.10.14"]
[SourceVersion "1"]
[SourceVersionDate "2024.10.14"]
[SourceQuality "1"]
[WhiteTeam "Monaco"]
[BlackTeam "Liechtenstein"]
[WhiteTeamCountry "MNC"]
[BlackTeamCountry "LIE"]

1. e4 c5 2. Nf3 d6 3. d4 cxd4 4. Nxd4 Nf6 5. Nc3 a6 6. a4 g6 7. Be2 Bg7 8. Be3 Nc6 9. 0-0 0-0 10. Qd2 Ng4 11. Bxg4 Bxg4 12. f4 Bd7 13. Nd5 e6 14. Nc3 Qc7 15. Rad1 Na5 16. b3 Rac8 17. Nce2 Rfd8 18. Ng3 e5 19. Nf3 Bg4 20. Rc1 exf4 21. Bxf4 Bc3 22. Qf2 Nc6 23. Ne2 Bg7 24. c4 Qe7 25. Ng3 Ne5 26. Qe3 f6 27. Nd4 Re8 28. Qd2 Bd7 29. Rcd1 Bg4 30. Rde1 Nf7 31. Nc2 Bd7 32. Nb4 Bc6 33. Be3 Qd7 34. Bd4 Ne5 35. Ne2 Bxe4 36. Nf4 Nc6 37. Bc3 f5 38. Nbd5 Qf7 39. b4 Bxc3 40. Qxc3 Re5 41. b5 Ne7 42. Nb6 Rd8 43. Rd1 g5 44. Qxe5 dxe5 45. Rxd8+ Kg7 46. Nfd5 Nxd5 47. Nxd5 Qh5 48. Rd7+ Kf8 49. Nf6 Qe2 50. Nxh7+ Kg8 51. Nf6+ Kf8 52. Nxe4 Qxe4 53. Rc7 Qe3+ 54. Kh1 Qd3 55. Rg1 f4 56. Rc8+ Kf7 57. bxa6 bxa6 58. Rc7+ Kf8 59. Rb7 f3 60. Rb2 e4 61. gxf3 Qxf3+ 62. Rbg2 e3 63. Re1 Ke7 64. Kg1 Kd6 65. Rge2 Qg4+ 66. Rg2 Qf3 67. Rge2 Qg4+ 68. Kh1 Qf3+ 69. Kg1 Qg4+ 70. Kh1 Qf3+ 71. Rg2 Kc5 72. Kg1 Kd4 73. c5 Kxc5 74. Rxg5+ Kb4 75. Rg2 Kxa4 76. h4 Kb3 77. h5 Qxh5 78. Rxe3+ Kc4 79. Re4+ Kd3 80. Reg4 Qc5+ 81. Rf2 a5 82. Rg3+ Kc4 83. Kg2 Qd5+ 84. Rff3 Qd2+ 85. Kh3 Qh6+ 86. Kg2 Qd2+ 87. Kh3 Qh6+ 88. Kg2 Qd2+ 1/2-1/2

[Event "Olympiad-45"]
[Site "Budapest"]
[Date "2024.09.13"]
[Round "3.64"]
[White "Meylan, Andre"]
[Black "Debblay, David Leroy"]
[Result "1-0"]
[WhiteElo "2165"]
[BlackElo "1904"]
[PlyCount "75"]
[EventDate "2024.09.11"]
[EventType "team-swiss"]
[EventRounds "11"]
[EventCountry "HUN"]
[SourceTitle "EXT 2025"]
[Source "ChessBase"]
[SourceDate "2024.10.14"]
[SourceVersion "1"]
[SourceVersionDate "2024.10.14"]
[SourceQuality "1"]
[WhiteTeam "Monaco"]
[BlackTeam "Liberia"]
[WhiteTeamCountry "MNC"]
[BlackTeamCountry "LBR"]

1. e4 e6 2. d4 d5 3. Nd2 c5 4. exd5 Qxd5 5. Ngf3 Nf6 6. Bc4 Qd8 7. 0-0 cxd4 8. Nb3 Be7 9. Nbxd4 0-0 10. Qe2 a6 11. Bf4 Qb6 12. c3 Nc6 13. Nxc6 Qxc6 14. Rfe1 b5 15. Bb3 Bb7 16. Qf1 Rad8 17. Nd4 Qb6 18. Bg5 Bd5 19. Nf5 exf5 20. Rxe7 Bxb3 21. axb3 Nd5 22. Ree1 f6 23. Bd2 Rfe8 24. c4 Rxe1 25. Qxe1 Nc7 26. Ba5 Qc6 27. cxb5 Qd6 28. Bxc7 Qxc7 29. bxa6 Ra8 30. Qc3 Qd6 31. a7 h6 32. Qf3 Qd8 33. b4 g5 34. b5 g4 35. Qb3+ Kg7 36. b6 Qe7 37. Qd5 Qe8 38. g3 1-0

[Event "Olympiad-45"]
[Site "Budapest"]
[Date "2024.09.11"]
[Round "1.85"]
[White "Abdou, Mohamed"]
[Black "Meylan, Andre"]
[Result "0-1"]
[WhiteElo "1782"]
[BlackElo "2165"]
[PlyCount "58"]
[EventDate "2024.09.11"]
[EventType "team-swiss"]
[EventRounds "11"]
[EventCountry "HUN"]
[SourceTitle "EXT 2025"]
[Source "ChessBase"]
[SourceDate "2024.10.14"]
[SourceVersion "1"]
[SourceVersionDate "2024.10.14"]
[SourceQuality "1"]
[WhiteTeam "Comoros Islands"]
[BlackTeam "Monaco"]
[WhiteTeamCountry "COM"]
[BlackTeamCountry "MNC"]

1. d4 c5 2. c3 e6 3. Bf4 Nf6 4. e3 Nc6 5. Nd2 cxd4 6. exd4 Be7 7. Ngf3 Nd5 8. Bg3 f5 9. h3 Nf6 10. Bd3 0-0 11. 0-0 d5 12. Bh4 Ne4 13. Bxe7 Qxe7 14. Rc1 Qf6 15. Bb5 Bd7 16. Bxc6 Bxc6 17. Ne5 Bb5 18. Re1 Qh4 19. Nxe4 fxe4 20. Rc2 Rf5 21. Qg4 Qf6 22. Qg3 Rf8 23. f3 Rg5 24. Qf2 exf3 25. g3 Qf5 26. Kh2 Rxg3 27. Qxg3 Qxc2+ 28. Kh1 f2 29. Rf1 Bxf1 0-1